Modelovanie a vizualizácia blokových diagramov pre tvorbu digitálnych systémov

Saved in:
Bibliographic Details
Main Author: Černák, Boris (Author)
Other Authors: Kohútka, Lukáš (Thesis advisor)
Format: Manuscript Book
Language:Slovak
Published: 2024
Subjects:
Online Access:http://is.stuba.sk/zp/portal_zp.pl?podrobnosti=177059
Tags: Add Tag
No Tags, Be the first to tag this record!

MARC

LEADER 00000ntm a22000003a 4500
001 stuzp100109
003 SK-STU
005 20240608213338.3
007 ta
008 150427s2015----xo-----f-mn---000-0-slo-d
040 |a STU  |b slo 
041 0 |a slo 
100 1 |a Černák, Boris  |u 070200  |k Z4  |4 aut  |U FIIT Fakulta informatiky a informačných technológií  |T FIIT Ústav informatiky, informačných systémov a softvérového inžinierstva  |X 102888  |U I200  |Y 179  |7 102888 
242 0 1 |a Modeling and Visualization of Block Diagrams for Digital Systems Development  |y eng 
245 1 0 |a Modelovanie a vizualizácia blokových diagramov pre tvorbu digitálnych systémov 
260 |c 2024 
650 4 |a Blokové diagramy  |2 slo 
650 4 |a HDL  |2 slo 
650 4 |a Digitálne systémy  |2 slo 
650 4 |a Block diagrams  |2 eng 
650 4 |a HDL  |2 eng 
650 4 |a Digital systems  |2 eng 
700 1 |a Kohútka, Lukáš  |u 070200  |k Z1  |4 ths  |U FIIT Fakulta informatiky a informačných technológií  |T FIIT Ústav informatiky, informačných systémov a softvérového inžinierstva  |X 5813  |U I200  |Y 179  |7 A000005813 
856 4 |u http://is.stuba.sk/zp/portal_zp.pl?podrobnosti=177059